Plantas silvestres comestibles y medicinales de Chile y otras partes del mundo: guía de campo

Guardat en:
Dades bibliogràfiques
Autor principal: Cordero R., Sebastián
Altres autors: Abello Abello, Lucía, Gálvez L., Francisca
Format: Llibre
Idioma:espanyol
Publicat: Concepción CORMA 2017
Matèries:
Etiquetes: Afegir etiqueta
Sense etiquetes, Sigues el primer a etiquetar aquest registre!

MARC

LEADER 00000cam a2200000 a 4500
001 UCC2182
003 CL-VaPUC
005 20220824074410.0
008 180114e20170000cl |||||||||||||||||spa|d
999 |c 370435  |d 370433 
020 |a 9789568398101 
040 |c Pontificia Universidad Católica de Valparaíso 
082 0 4 |a 633.8 COR 2017  |2 21 
100 0 |a Cordero R., Sebastián  |9 596302 
245 1 0 |a Plantas silvestres comestibles y medicinales de Chile y otras partes del mundo: guía de campo 
260 |a Concepción  |b CORMA  |c 2017 
300 |a 291 páginas 
583 |a last modification  |c 20190710 08:01:33  |k Rodrigo Vera 
650 0 |a Plantas medicinales  |9 334373 
650 7 |a MEDICINA POPULAR  |2 CL-VaPUC  |9 311908 
650 7 |a PLANTAS COMESTIBLES  |2 CL-VaPUC  |9 380211 
700 0 |a Abello Abello, Lucía  |9 596303 
700 0 |a Gálvez L., Francisca  |9 596304 
942 |c BK  |2 ddc 
945 |d 20180114 20:51:00  |a dcastane 
952 |0 0  |1 0  |2 ddc  |3 erb  |4 0  |6 633_800000000000000_COR_2017  |7 0  |8 A  |9 486920  |a BIBCUR  |b BIBCUR  |i 5447151  |l 2  |m 3  |o 633.8 COR 2017  |p 5447151  |r 2025-04-22  |s 2022-10-11  |t 1  |w 2019-11-24  |y BK  |z Catalogado en:20180114  |k BIO 
952 |0 0  |1 0  |2 ddc  |3 erb  |4 0  |6 633_800000000000000_COR_2017  |7 0  |8 A  |9 486921  |a BIBCUR  |b BIBCUR  |i 5447143  |o 633.8 COR 2017  |p 5447143  |r 2025-04-22  |t 2  |w 2019-11-24  |y BK  |z Catalogado en:20180114  |k BIO 
952 |0 0  |1 0  |2 ddc  |3 erb  |4 0  |6 633_800000000000000_COR_2017  |7 0  |8 A  |9 486923  |a BIBAGR  |b BIBAGR  |i 5452813  |l 2  |o 633.8 COR 2017  |p 5452813  |r 2025-01-20  |s 2022-05-06  |t 4  |w 2019-11-24  |y BK  |z Catalogado en:20180309  |k AGR